000 00472nam a2200181Ia 4500
005 20250423094506.0
008 250422s9999 xx 000 0 und d
020 _a8171513867
050 _aPJ 6640 .L36/
100 _aLane, E. W.
245 0 _aArabic english lexicon.
260 _aNew Delhi
260 _bKitab Bhavan
260 _c2010
300 _a1487 p
650 _aArabic Language_Dictionaries_English. English Language_Dictionaries_Arabic.
942 _cBK
999 _c27398
_d27398